football worldcup 2026 countries-sudden death - Statistics

General Stats
  • This quiz has been taken 184 times
  • The average score is 3 of 17
Answers on the Grid
Answers color-coded by a green-red scale on the quiz's grid according to % correct below.
canada
iran
norway
cameroon
england
panama
croatia
india
netherlands
usa
china
scotland
indonesia
nigeria
austria
italy
bosnia
turkey
denmark
algeria
morocco
australia
iraq
russia
sweden
d.r.congo
haiti
greece
poland
japan
 
Answer Stats
Answer % Correct
canada
74%
england
40%
netherlands
32%
usa
29%
croatia
22%
morocco
18%
norway
17%
bosnia
13%
japan
11%
scotland
11%
sweden
11%
turkey
9%
haiti
5%
algeria
4%
austria
4%
d.r.congo
4%
iraq
2%
No matching quizzes found
Score Distribution
Percent of People with Each Score
Percentile by Number Answered
Your Score History
You have not taken this quiz